Authors of Classics - Statistics

General Stats
  • This quiz has been taken 1,287 times
    1,270 since last reset
  • The average score is 11 of 14
Answer Stats
Hint Answer % Correct
Romeo and Juliet William Shakespeare
96%
A Christmas Carol Charles Dickens
94%
Pride and Prejudice Jane Austen
94%
Animal Farm George Orwell
89%
Wuthering Heights Emily Bronte
87%
The Adventures of Huckleberry Finn Mark Twain
86%
Jane Eyre Charlotte Bronte
85%
To Kill a Mockingbird Harper Lee
82%
The Great Gatsby F. Scott Fitzgerald
75%
Moby Dick Herman Melville
72%
The Catcher in the Rye J. D. Salinger
70%
Little Women Louisa May Alcott
61%
Lord of the Flies William Golding
58%
The Scarlet Letter Nathaniel Hawthorne
54%
No matching quizzes found
Score Distribution
Percent of People with Each Score
Percentile by Number Answered
Your Score History
You have not taken this quiz since the last reset